Comparing of organic fertilizer on green mustard at crop station of royal university of agriculture ការប្រៀបធៀបជីសរីរាង្គលើដំណាំស្ពៃខៀវ នៅស្ថានីយ៏ពិសោធន៏ដំណាំ សាកលវិទ្យាល៏យភូមិន្ទកសិកម្ម (Record no. 745)

000 -LEADER
fixed length control field 00714nam a22001577a 4500
003 - CONTROL NUMBER IDENTIFIER
control field OSt
005 - DATE AND TIME OF LATEST TRANSACTION
control field 20150918152728.0
008 - FIXED-LENGTH DATA ELEMENTS--GENERAL INFORMATION
fixed length control field 150918b xxu||||| |||| 00| 0 eng d
040 ## - CATALOGING SOURCE
Transcribing agency RUA
082 ## - DEWEY DECIMAL CLASSIFICATION NUMBER
Classification number AGR KIM 2006 B034 Or.1
100 ## - MAIN ENTRY--PERSONAL NAME
9 (RLIN) 779
Personal name KIM, CHANCHHAYA.
245 ## - TITLE STATEMENT
Title Comparing of organic fertilizer on green mustard at crop station of royal university of agriculture ការប្រៀបធៀបជីសរីរាង្គលើដំណាំស្ពៃខៀវ នៅស្ថានីយ៏ពិសោធន៏ដំណាំ សាកលវិទ្យាល៏យភូមិន្ទកសិកម្ម
260 ## - PUBLICATION, DISTRIBUTION, ETC. (IMPRINT)
Place of publication, distribution, etc. Phnom Penh
Name of publisher, distributor, etc. RUA
Date of publication, distribution, etc. 2006
300 ## - PHYSICAL DESCRIPTION
Extent 52p.
Other physical details ill.
Dimensions 29cm.
942 ## - ADDED ENTRY ELEMENTS (KOHA)
Source of classification or shelving scheme
Koha item type AGR
Holdings
Price effective from Date last seen Permanent Location Not for loan Date acquired Source of classification or shelving scheme Koha item type Lost status Withdrawn status Date last checked out Total Checkouts Damaged status Barcode Current Location Checked out Full call number
2015-09-182017-02-21Library Block B 2015-09-18 AGR  2017-02-213 RUA008673Library Block B2017-03-29AGR KIM 2006 B034 Or.1
មជ្ឈមណ្ឌលឯការនៃសាកលវិទ្យាល័យភូមិន្ទកសិកម្មចំការដូង

Powered by Koha